| 000 | 00524nam a22002057a 4500 | ||
|---|---|---|---|
| 005 | 20220524140923.0 | ||
| 008 | 220521b ||||| |||| 00| 0 eng d | ||
| 040 | _cAL | ||
| 041 | _aEnglish | ||
| 082 |
_223 _a895.1 _bTSUK |
||
| 100 |
_aTenzin Tsundue _938753 |
||
| 245 | _aKora:stories and poems | ||
| 250 | _a4 | ||
| 260 |
_aKangra _bTibet Writes _c2003 |
||
| 300 |
_a55 p. _bPB _c21x13 cm. |
||
| 365 |
_c₹ _d₹50.00 |
||
| 650 |
_aStories and poems _938342 |
||
| 700 |
_aTSUNDUE (Tenzin) _938343 |
||
| 942 |
_2ddc _cGF |
||
| 999 |
_c223047 _d223047 |
||